Лексикон чистой и прикладной математики; Т. 1. A-D

Detaylı Bibliyografya
Diğer Yazarlar: Буняковский В. Я. Виктор Яковлевич (составитель)
Özet:Текст в русской дореформенной орфографии
С одобрения Императорской Академии Наук печатать. Непременный Секретарь П. Фус
Раздельная пагинация страниц
Dil:Rusça
Fransızca
Baskı/Yayın Bilgisi: Санкт-Петербург, Типография Императорской Академии наук, 1839
Konular:
Materyal Türü: MixedMaterials Kitap
KOHA link:https://koha.lib.tpu.ru/cgi-bin/koha/opac-detail.pl?biblionumber=361696

MARC

LEADER 00000nam0a2200000 4500
001 361696
005 20231102011420.0
035 |a (RuTPU)RU\TPU\retro\19042 
090 |a 361696 
100 |a 20210629d1839 km y0rusy50 ca 
101 0 |a rus  |a fre 
102 |a RU 
105 |a af g 000zy 
200 1 |a Лексикон чистой и прикладной математики  |f сост. В. Я. Буняковский  |h Т. 1. A-D 
210 |a Санкт-Петербург  |c Типография Императорской Академии наук  |d 1839 
215 |a X, 462, [2] с.  |c черт. 
300 |a Текст в русской дореформенной орфографии 
300 |a С одобрения Императорской Академии Наук печатать. Непременный Секретарь П. Фус 
300 |a Раздельная пагинация страниц 
316 |5 63413507: 2//617  |a На авантитуле надпись: "От С. А. Жбиковского в дар" 
317 |5 63413507: 2//617  |a Поступил в НТБ в 1910 г. в дар от сына А. К. Жбиковского преподавателя ТТИ С. А. Жбиковского 
606 1 |a Математика  |2 stltpush  |3 (RuTPU)RU\TPU\subj\67327  |9 83171 
606 1 |a Математика прикладная  |2 stltpush  |3 (RuTPU)RU\TPU\subj\53312  |9 71627 
610 1 |a Коллекция А. К. Жбиковского 
610 1 |a дарственные надписи 
610 1 |a дары библиотеке 
610 1 |a справочные издания 
610 1 |a математические термины 
610 1 |a французский язык 
610 1 |a математический анализ 
610 1 |a геометрия 
610 1 |a механика 
610 1 |a исчисление вероятностей 
675 |a 51(038)  |v 4 
675 |a 51-7(038)  |v 4 
702 1 |a Буняковский  |b В. Я.  |c российский матаматик  |c вице-президент Петербургской Академии наук (1864-1889)  |f 1804-1889  |g Виктор Яковлевич  |2 stltpush  |3 (RuTPU)RU\TPU\pers\13594  |4 220  |9 4201 
801 1 |a RU  |b 63413507  |c 20210629 
801 2 |a RU  |b 63413507  |c 20211004  |g RCR 
942 |c BK